Sport en Images - G - Statistiques

Statistiques générales
  • Ce quiz a été pris 188 fois
  • Le résultat moyen est 12 sur 20
Statistiques - réponses
Par images Hint Réponse % Correct
Poste Gardien de but
96%
Discipline Golf
94%
Discipline Gymnastique
83%
Exercice de musculation Gainage
82%
Lieu de pratique Gymnase
80%
Figure Grand écart
79%
Série de tournois Grand Chelem
75%
Sportif Pierre Gasly
75%
Club de National 2 Girondins de Bordeaux
74%
Zone de pratique Green
72%
Club de SüperLig Galatasaray
65%
Club de NBA Golden State Warriors
62%
Sportif Ruud Gullit
59%
Stade Groupama Stadium
49%
Sportif Justin Gatlin
49%
Sportif Pau Gasol
33%
Discipline Grappling
16%
Stade Giuseppe Meazza
14%
Tournoi Globe de Cristal
13%
Club de Hockey Genève-Servette HC
2%
Aucun quiz correspondant
Distribution des résultats
% des personnes avec chaque résultat
Percentile par nombre de réponses
Votre historique - résultats
Vous n’avez pas pris ce quiz